| 000 | 00834nam a2200313 a 4500 | ||
|---|---|---|---|
| 003 | AR-BaBNM | ||
| 005 | 20251128203917.0 | ||
| 008 | 082120s2002 ||||||||||||||000 | spa|| | ||
| 020 | _a950-802-018-0 | ||
| 040 | _cAR-BaBNM | ||
| 100 | 1 | _aArlt, Roberto | |
| 245 | 0 | 0 | _aEl juguete rabioso |
| 250 | _a1ª ed. | ||
| 260 |
_aBuenos Aires _bEspacio _c1993 |
||
| 300 | _a188 p. | ||
| 490 | 0 |
_aEspacio literario _vv. 1 |
|
| 500 | _aContiene reseña biográfica del autor | ||
| 500 | _aEstudio preliminar | ||
| 500 | _aEdición completamente anotada | ||
| 650 | 4 | _aLITERATURA ARGENTINA | |
| 650 | 4 | _aDELITOS | |
| 650 | 4 | _aREVOLUCION DE 1930 | |
| 653 | _aNOVELA DE APRENDIZAJE | ||
| 655 | _aLITERATURA | ||
| 700 | 1 | _aMuñoz Molina, Teodosio | |
| 800 | 1 |
_aSorrentino, Fernando _edirector |
|
| 942 | _cBK | ||
| 998 | _cMARTIN | ||
| 999 |
_c5434 _d5434 |
||